Kiss the Girl: Lyrics - Statistics

General Stats
  • This quiz has been taken 252 times
  • The average score is 185 of 236
Answer Stats
% Correct
the
100%
The
100%
girl
97%
kiss
97%
a
96%
And
93%
and
93%
do
93%
Do
93%
you
93%
You
93%
Go
90%
he
90%
to
90%
her
89%
la
88%
Don't
87%
don't
87%
She
87%
she
87%
But
85%
know
85%
on
85%
got
84%
see
84%
There
84%
there
84%
say
81%
Sha
80%
Sitting
78%
want
78%
across
77%
lot
77%
why
77%
about
76%
got
76%
something
76%
way
76%
No
75%
oh
75%
Oh
75%
be
73%
there's
73%
your
73%
wanna
72%
Look
71%
try
71%
at
70%
It
70%
it
70%
is
68%
word
68%
My
67%
my
67%
you're
67%
now
66%
dying
65%
in
65%
shy
65%
too
63%
Too
63%
boy
62%
Boy,
62%
ask
61%
lagoon
59%
Not
59%
one
59%
Sing
59%
blue
58%
gonna
58%
wants
57%
Yes
56%
Ain't
54%
me
54%
Possible
54%
single
54%
scared
53%
that
53%
won't
53%
miss
52%
take
51%
time
51%
bad
50%
Float
50%
with
50%
Until
49%
better
48%
will
48%
sad?
47%
shame?
47%
soon
47%
moment
46%
Floating
44%
like
41%
Now's
40%
prepared
39%
what
38%
gotta
37%
mood
33%
music
33%
song
33%
along
32%
You've
30%
listen
27%
play
27%
No matching quizzes found
Score Distribution
Percent of People with Each Score
Percentile by Number Answered
Your Score History
You have not taken this quiz